000 00692nam a2200229Ia 4500
003 OSt
005 20220926013203.0
006 a|||||r|||| 00| 0
007 ta
008 220923b |||||||| |||| 00| 0 eng d
037 _cGeneral Book
040 _aRTL
_cRTL
_beng
041 _2eng
_aeng
082 _aX64.73.N9, N3
100 _aThygerson Kenneth J
_9317948
245 0 _aFinancial markets and instituions
_b A managerial ap
260 _aNew York
_bHarper Collins USA
_c1993
300 _axxxi,735p Bib p 715-25 Glossary p 697-714
_ccm.
650 _aMoney Markets
942 _hX64.73.N9, N3
_cGB
_2CC
999 _c625390
_d625390